UM Logo

Fungal disease feared to shrink onion supply/ (Record no. 8717)

MARC details
000 -LEADER
fixed length control field 00364nam a2200121 4500
008 - FIXED-LENGTH DATA ELEMENTS--GENERAL INFORMATION
fixed length control field 180217b xxu||||| |||| 00| 0 eng d
100 ## - MAIN ENTRY--PERSONAL NAME
9 (RLIN) 26606
Personal name Lazaro, Freddie G.
245 ## - TITLE STATEMENT
Title Fungal disease feared to shrink onion supply/
Statement of responsibility, etc. Freddie G. Lazaro
260 ## - PUBLICATION, DISTRIBUTION, ETC. (IMPRINT)
Place of publication, distribution, etc. Philippines
Name of publisher, distributor, etc. Manila Bulletin
Date of publication, distribution, etc. c2016
300 ## - PHYSICAL DESCRIPTION
Extent page 12.
650 #0 - SUBJECT ADDED ENTRY--TOPICAL TERM
9 (RLIN) 26607
Topical term or geographic name as entry element Diseases.
942 ## - ADDED ENTRY ELEMENTS (KOHA)
Source of classification or shelving scheme Dewey Decimal Classification
Koha item type Periodicals
Holdings
Withdrawn status Lost status Source of classification or shelving scheme Damaged status Not for loan Collection code Home library Current library Date acquired Total Checkouts Date last seen Price effective from Koha item type Public note
    Dewey Decimal Classification     Periodicals UM Digos College - LIC UM Digos College - LIC 02/17/2018   02/17/2018 02/17/2018 Periodicals Newspaper Clippings